00557nam a22001697a 450000500170000000800410001702000220005808200240008010000300010424500760013426000330021030000220024350400500026554100090031565000320032470000310035620230307041805.0230307b |||||||| |||| 00| 0 eng d a978-0-8153-5092-7 a394.2068 An627 2020 aAntchak, Vladimireauthor aThe fundamentals of event design /cVladimir Antchak, Olivia Ramsbottom aNew York:bRoutledge,cc2020 axiv, 197p.:bill. aIncludes bibliographical references and index e6732 aSpecial events - Management aRamsbottom, Oliviaeauthor